| 000 | 00356nam a2200121Ia 4500 | ||
|---|---|---|---|
| 008 | 230907s9999||||xx |||||||||||||| ||und|| | ||
| 082 |
_a621.313 _bYAZ |
||
| 100 |
_aYazdani, Amirnaser, _9115324 |
||
| 245 | 0 | _aVoltage-sourced converters in power systems : | |
| 260 |
_aIEEE Press/John Wiley, _bHoboken, N.J. : _c2010 |
||
| 300 | _axix, 451 p. : | ||
| 942 | _cBK | ||
| 999 |
_c598102 _d598102 |
||